000 00615nam a2200193 i 4500
001 26940
003 ES-MaACL
005 20230906153528.0
007 t|
008 030113s1957 sp ||||1| spa d
100 1 _aAsensio, Eugenio.
_923580
245 1 0 _aPoética y realidad en el cancionero peninsular de la Edad Media /
_cEugenio Asensio.
260 _aMadrid :
_bGredos,
_c[1957] (
_eValencia :
_fTip. Moderna)
300 _a288 p. ;
_c20 cm.
490 1 _aBiblioteca románica hispánica
830 0 _aBiblioteca románica hispánica
_9180746
852 _aES-MaACL
_jC-13816
_bR.41267
999 _c26940
_d26940